| 000 | 00518nam a2200169 i 4500 | ||
|---|---|---|---|
| 001 | 163214 | ||
| 003 | ES-MaACL | ||
| 005 | 20230906212709.0 | ||
| 008 | 010905s1882 fr |||| | fre d | ||
| 100 | 1 |
_aReinach, Joseph. _996038 |
|
| 245 | 1 | 4 |
_aLes récidivistes / _cJoseph Reinach. |
| 250 | _a2ème éd. | ||
| 260 |
_aParis : _bG. Charpentier, _c1882 ( _fTip. G. Chamerot) |
||
| 300 |
_aXII, 388 p. ; _c18 cm. |
||
| 650 | 4 |
_aReincidentes. _9166996 |
|
| 852 |
_aES-MaACL _jD-288 _z- Enc. hol. _z- Donativo Lastres |
||
| 999 |
_c163214 _d163214 |
||